UK, the EU and Brexit Quiz 2 - Statistics

General Stats
  • This quiz has been taken 28 times
  • The average score is 3 of 8
Answer Stats
Question Answer % Correct
What city showed the most sense in having th highest remain vote (a staggering 74.4%) in the referendum? Edinburgh
88%
Who said a month before the referendum re a possible remain win "'In a 52-48 referendum this would be unfinished business by a long way.'"? HINT: he nearly died in a light aircraft crash on election day in 2010!!!!!!!!!!!!!!!!!!!!!!!!!! Nigel Farage
71%
Finally, what city (the only one with a Green Party MP) was the second most sensible re its high remain vote? Brighton
67%
What was the name of the heroine who took the British government to court over its authority to implement Brexit without approval from Parliament. Gina Miller
33%
Who bank rolled UKIP, the party of swivel eyed leavers? Aaron Banks
29%
What was the name of ultra leave group within the Tory party that included Jacob Rees Mogg? European Research Group
29%
What phrase did the Liberal Democratic Party adopt as its anti-brexit slogan for the 2019 Euro elections? Bollocks to Brexit
17%
And who said, during the ca,paign, " 'Getting out of the EU can be quick and easy – the UK holds most of the cards.' " John Redwood
4%
No matching quizzes found
Score Distribution
Percent of People with Each Score
Percentile by Number Answered
Your Score History
You have not taken this quiz